| 000 | 00537nam a2200181 i 4500 | ||
|---|---|---|---|
| 001 | 57448 | ||
| 003 | ES-MaACL | ||
| 005 | 20230906163559.0 | ||
| 007 | t| | ||
| 008 | 031016s1960 sp ||||1| spa d | ||
| 100 | 1 |
_aDoerfling, R. _944988 |
|
| 245 | 1 | 0 |
_aTratado de matemáticas para ingenieros y técnicos / _cR. Doerfling ; versión por M. Company. |
| 250 | _a2ª ed. | ||
| 260 |
_aBarcelona : _bGustavo Gili, _c1960. |
||
| 300 |
_a666 p. : _bil. ; _c19 cm. |
||
| 700 | 1 |
_aCompany, M. _940037 |
|
| 852 |
_aES-MaACL _jC-18705 _bR.46925 |
||
| 999 |
_c57448 _d57448 |
||